Managing water resources (Record no. 3453)

MARC details
000 -LEADER
fixed length control field 00789 a2200217 4500
010 ## - LIBRARY OF CONGRESS CONTROL NUMBER
LC control number ENG-85779
020 ## - INTERNATIONAL STANDARD BOOK NUMBER
International Standard Book Number 01956811326
Terms of availability 595.00
035 ## - SYSTEM CONTROL NUMBER
System control number EN-69312
037 ## - SOURCE OF ACQUISITION
Source of stock number/acquisition D.B.Act / PUB
082 14 - DEWEY DECIMAL CLASSIFICATION NUMBER
Classification number 333.9116
090 ## - LOCALLY ASSIGNED LC-TYPE CALL NUMBER (OCLC); LOCAL CALL NUMBER (OCLC)
-- 3520
-- 3520
245 1# - TITLE STATEMENT
Title Managing water resources
Remainder of title policies, institutions and technologies
Statement of responsibility, etc edited by V. Ratna and S. Mahendra Dev
260 ## - PUBLICATION, DISTRIBUTION, ETC. (IMPRINT)
Place of publication, distribution, etc New Delhi
Name of publisher, distributor, etc Oxford University Press
Date of publication, distribution, etc 2006
270 ## - ADDRESS
Address YMCA Library Building, Jai Singh Road,
City New Delhi, Akshaya Prakashan
State or province Delhi
Postal code 110 001
300 ## - PHYSICAL DESCRIPTION
Extent xix, 331p.
Dimensions 22cm (Hb)
500 ## - GENERAL NOTE
General note Includes bibliographical references
700 ## - ADDED ENTRY--PERSONAL NAME
Personal name Reddy, V Ratna
700 ## - ADDED ENTRY--PERSONAL NAME
Personal name Mahen, S
942 ## - ADDED ENTRY ELEMENTS (KOHA)
Institution code [OBSOLETE] dpl
Koha item type English Books
Call number prefix 333.9116 / MAN
Holdings
Withdrawn status Lost status Source of classification or shelving scheme Damaged status Not for loan Collection code Home library Current library Source of acquisition Cost, normal purchase price Total Checkouts Full call number Barcode Date last seen Copy number Uniform Resource Identifier Cost, replacement price Price effective from Koha item type
    Dewey Decimal Classification   Not For Loan Non-fiction D.B.Act.Division D.B.Act.Division DBAD/PUB 595.00   333.9116 MAN EN-69312 15/09/2008 1 3679 595.00 15/09/2008 English Books

© Delhi Public Library
Hit Counter
free hit counter